000 00608nam a2200193Ia 4500
005 20250508165157.0
008 008 250505s9999 xx 000 0 hin d
037 _aTextBook
040 _aFEDL
_beng
_cFEDL
041 _ahin
_2eng
084 _a370, GIJ/R
_qFEDL
100 _aGijubhai
245 0 _aMontesary padhati. 2 Vols
260 _aRajaldesar, India
_bMontesary-Bal-Shikshan-Samiti
_c1995
490 _aGijubhai Granthmala; 12,13
_vV 1
546 _aMACESE; Acc. No. 083160 price Rs. 25.00; Acc. No. 083161 price Rs. 20.00
942 _cTB
_h370, GIJ/R
999 _c1393608
_d1393608